La Dominación ideológica en la mujer salvadoreña sus causas y resultados
محفوظ في:
| مؤلف مشترك: | |
|---|---|
| التنسيق: | نص |
| منشور في: |
San José
|
| الوسوم: |
إضافة وسم
لا توجد وسوم, كن أول من يضع وسما على هذه التسجيلة!
|
MARC
| LEADER | 00000 a a2200000 04500 | ||
|---|---|---|---|
| 001 | 21594 | ||
| 003 | |||
| 040 | |||
| 090 | |a 095900 | ||
| 110 | |a Comité Unitario de Mujeres Salvadoreñas | ||
| 245 | |a La Dominación ideológica en la mujer salvadoreña sus causas y resultados | ||
| 260 | |a San José | ||
| 300 | |a 11 p | ||
| 999 | |c 13224 |d 13224 | ||
